000 00753nam a2200241 a 4500
001 54530
003 BD-RjUL
005 20211209080132.0
008 161107s1995 ii ||||| |||| 00| 0 eng d
035 _a(BD-RjUL)54652
040 _aBD-RjUL
_beng
_cBD-RjUL
_dBD-RjUL
041 _aeng
082 _223
_a510.9
_bHIS 1995
245 1 0 _aHistory of mathematics and computer science /
_cG R Chhatwal
260 _aNew Delhi :
_bAnmol Publications,
_cc1995.
300 _a620 p. ;
_c24 cm.
490 _aEncyclopaedic history of science and technology series.
505 0 _aVol.2
650 _amathematics statistics
_9162890
700 _aChhatwal, G R
_9162674
856 _3Encyclopaedic history of science and technology series.
942 _2ddc
_cBK
999 _c54530
_d54530